logo

Bir Sreshtho Munshi Abdur Rouf Library
Jhenaidah Cadet College

বাংলাদেশের উন্নয়নে বিকল্প ভাবনা ১ / (Record no. 7518)

MARC details
000 -LEADER
fixed length control field 00799nam a22002297a 4500
001 - CONTROL NUMBER
JCCL Control Number 7518
003 - CONTROL NUMBER IDENTIFIER
JCCL marc code BD-JhCC
005 - DATE AND TIME OF LATEST TRANSACTION
control field 20180211111858.0
008 - FIXED-LENGTH DATA ELEMENTS--GENERAL INFORMATION
fixed length control field 171021s2005 bg |||| ||a| 000 0 ben d
020 ## - INTERNATIONAL STANDARD BOOK NUMBER
International Standard Book Number 9844030315
035 ## - SYSTEM CONTROL NUMBER
system control number (BD-JhCC) 7518
040 ## - CATALOGING SOURCE
Original cataloging agency BD-JhCC
Modifying agency BD-JhCC
041 ## - LANGUAGE CODE
Language code of Book ben
082 ## - DEWEY DECIMAL CLASSIFICATION NUMBER
Classification number 330.9549205
Author mark and Year ULL 2005
100 ## - MAIN ENTRY--PERSONAL NAME
Personal name উল্যাহ্, মোহাম্মদ ওয়াজি
245 ## - TITLE STATEMENT
Title বাংলাদেশের উন্নয়নে বিকল্প ভাবনা ১ /
Statement of responsibility, etc মোহাম্মদ ওয়াজি উল্যাহ্
260 ## - PUBLICATION, DISTRIBUTION, ETC. (IMPRINT)
Place of publication, distribution, etc ঢাকা :
Name of publisher, distributor, etc পাণ্ডূলিপি,
Date of publication, distribution, etc 2005
300 ## - PHYSICAL DESCRIPTION
Pagination 225 p. :
Dimensions 22 cm
650 ## - SUBJECT ADDED ENTRY--TOPICAL TERM
Topical term or geographic name as entry element Economic Development
Geographic subdivision Bangladesh
942 ## - ADDED ENTRY ELEMENTS (KOHA)
Source of classification or shelving scheme Dewey Decimal Classification
Koha item type Books
Holdings
Source of classification or shelving scheme Damaged status Not for loan Home library Current library Shelving location Date of accession Cost, normal purchase price Total Checkouts Full call number Barcode Date last seen Copy number Koha item type
Dewey Decimal Classification     JCC Rouf Library JCC Rouf Library General Stacks 01/11/2018 200.00   330.9549205 ULL 2005 10067 02/11/2018 C-1 Books

JCC Library | Contacts | JCC Home

Last Update on 23 September 2017
Copyright @ 2017-2020 JCC Rouf Library
Rouf Library, Jhenidah Cadet College (JCC), Bangladesh